[Event "Negambo op 4th"]
[Site "Negambo"]
[Date "2018.08.19"]
[Round "8"]
[White "Pieris, TDR"]
[Black "Gunathilake, HBND"]
[Result "1/2-1/2"]
[WhiteElo "1970"]
[BlackElo "1588"]
[PlyCount "108"]
[EventDate "2018.08.16"]
[EventType "swiss"]
[EventRounds "10"]
[EventCountry "SRI"]
[SourceTitle "CBM 186 Extra"]
[Source "ChessBase"]
[SourceDate "2018.08.24"]
[SourceVersion "1"]
[SourceVersionDate "2018.08.24"]
[SourceQuality "1"]

1. e4 c5 2. Nf3 g6 3. c3 Bg7 4. d4 cxd4 5. cxd4 d5 6. e5 Bg4 7. Be2 Bxf3 8. Bxf3 e6 9. Nc3 Ne7 10. 0-0 0-0 11. Qb3 Nbc6 12. Rd1 Nf5 13. Ne2 Qe7 14. g4 Nh4 15. Bh1 g5 16. f4 gxf4 17. Bxf4 f6 18. Qe3 fxe5 19. Bg5 Bf6 20. Bxf6 Qxf6 21. Rf1 Qg7 22. h3 Ng6 23. dxe5 Qxe5 24. Qxe5 Ngxe5 25. Nf4 Rxf4 26. Rxf4 Rd8 27. Rf6 Re8 28. Rxe6 Rxe6 29. Bxd5 Kf7 30. Rd1 Ke7 31. Bxe6 Kxe6 32. Kg2 Nc4 33. Kg3 N6e5 34. h4 h6 35. Kf4 Ng6+ 36. Kg3 a6 37. Rf1 Ke7 38. h5 Nh8 39. a3 Nf7 40. b4 Nce5 41. a4 Nc6 42. Rb1 Nce5 43. b5 a5 44. Rc1 b6 45. Rc7+ Ke6 46. Rb7 Nd7 47. Kf4 Ng5 48. Rc7 Ne5 49. Rc8 Nd3+ 50. Ke3 Ne5 51. Kf4 Nd3+ 52. Kg3 Ne5 53. Rb8 Nd7 54. Rb7 Nf7 1/2-1/2